Statistics for All Alexa Bliss PPV Opponents

Click here to take the quiz!

General Stats

  • This quiz has been taken 187 times
    (77 since last reset)
  • The average score is 54 of 66

Answer Stats

HintAnswer% Correct
Survivor Series 2017 (Loss)Charlotte Flair
98%
Money In The Bank 2018 (Win)Charlotte Flair
98%
Extreme Rules 2018 (Win)Nia Jax
98%
No Mercy 2017 (Win)Nia Jax
98%
Backlash 2018 (Loss)Nia Jax
98%
Money In The Bank 2018 (Win)Nia Jax
98%
WrestleMania 34 (Loss)Nia Jax
98%
Summerslam 2017 (Loss)Sasha Banks
96%
Money In The Bank 2018 (Win)Sasha Banks
96%
Elimination Chamber 2018 (Win)Sasha Banks
96%
Backlash 2020 (Lose)Sasha Banks
96%
No Mercy 2017 (Win)Sasha Banks
96%
Great Balls Of Fire 2017 (Loss)Sasha Banks
96%
Summerslam 2016 (Win)Becky Lynch
94%
TLC 2016 (Win)Becky Lynch
94%
Royal Rumble 2017 (Loss)Becky Lynch
94%
WrestleMania 33 (Loss)Becky Lynch
94%
Money In The Bank 2018 (Win)Becky Lynch
94%
Backlash 2016 (Loss)Becky Lynch
94%
Backlash 2020 (Lose)Bayley
92%
Elimination Chamber 2018 (Win)Bayley
92%
No Mercy 2017 (Win)Bayley
92%
Extreme Rules 2017 (Win)Bayley
92%
Payback 2017 (Win)Bayley
92%
Extreme Rules 2019 (Loss)Bayley
92%
Stomping Grounds 2019 (Loss)Bayley
92%
Royal Rumble 2019 (Eliminated By)Bayley
92%
Backlash 2016 (Loss)Naomi
88%
Money In The Bank 2018 (Win)Naomi
88%
Summerslam 2016 (Win)Naomi
88%
WrestleMania 33 (Loss)Naomi
88%
Elimination Chamber 2017 (Loss)Naomi
88%
Royal Rumble 2017 (Loss)Naomi
88%
No Mercy 2016 (Loss)Naomi
88%
Royal Rumble 2019 (Eliminated By)Carmella
86%
Summerslam 2016 (Win)Carmella
84%
Backlash 2016 (Loss)Carmella
84%
WrestleMania 33 (Loss)Carmella
84%
Hell In A Cell 2018 (Loss)Ronda Rousey
84%
Summerslam 2018 (Loss)Ronda Rousey
84%
Money In The Bank 2018 (Win)Natalya
82%
WrestleMania 33 (Loss)Natalya
82%
Backlash 2016 (Loss)Natalya
82%
Royal Rumble 2017 (Loss)Nikki Bella
76%
Backlash 2016 (Loss)Nikki Bella
76%
WrestleMania 36 Night 1 (Won)Asuka
73%
Hell In A Cell 2019 (Loss)Asuka
73%
TLC 2017 (Win)Mickie James
69%
WrestleMania 33 (Loss)Mickie James
69%
Elimination Chamber 2018 (Win)Mickie James
69%
Royal Rumble 2021 (Eliminated By)Rhea Ripley
69%
Hell In A Cell 2019 (Loss)Kairi Sane
67%
WrestleMania 36 Night 1 (Won)Kairi Sane
67%
Clash Of Champions 2019 (Won)Mandy Rose
67%
Elimination Chamber 2018 (Win)Mandy Rose
67%
Royal Rumble 2020 (Eliminated By)Bianca Belair
65%
Clash Of Champions 2019 (Won)Sonya Deville
65%
Fastlane 2021 (Won)Randy Orton
63%
Elimination Chamber 2018 (Win)Sonya Deville
63%
Summerslam 2019 (Won)Peyton Royce
59%
Backlash 2020 (Lose)Peyton Royce
59%
Summerslam 2019 (Won)Billie Kay
57%
Backlash 2020 (Lose)Billie Kay
57%
Money In The Bank 2018 (Win)Ember Moon
49%
Money In The Bank 2018 (Win)Lana
35%
No Mercy 2017 (Win)Emma
29%

Score Distribution

Percentile by Number Answered

Percent of People with Each Score

Your Score History

You have not taken this quiz since the last reset